000 00656nam a2200205Ia 4500
005 20250508152348.0
008 008 250505s9999 xx 000 0 eng d
037 _aTextual
040 _aFEDL
_beng
_cFEDL
041 _aeng
_2eng
084 _a371.732 3, GAB
_qFEDL
100 _aGabrielsen M Alexander Ed.
_9761295
245 0 _aSports and recreation facilities for school and community
260 _aEnglewood Cliffs
_bPrentice-Hall
_c1958
300 _axiii,370p
490 _aPrentice - Hall physical education series
700 _a Miles Caswell M Ed.
_9761296
942 _cTEXL
_h371.732 3, GAB
999 _c1335926
_d1335926